000 00289nam a22001337a 4500
008 170907b xxu||||| |||| 00| 0 eng d
020 _a0805200940
041 _aeng
080 _a72
100 _a41
101 _aark
245 _aPAITING IN ITALY
_cFREDBERG.S.J
942 _2udc
_cBK
999 _c26422
_d26422